| 000 | 04636cam a22012614i 4500 | ||
|---|---|---|---|
| 003 | PE-LiUPU | ||
| 005 | 20250813185630.0 | ||
| 008 | 150706s r 000 0 d | ||
| 020 | _a9788408008231 | ||
| 035 | _a(Sirsi) i9788408008231 | ||
| 040 |
_aPE-LiUPU _bspa _cPE-LiUPU _erda |
||
| 049 | _aPRUA | ||
| 082 | 0 | 4 |
_a371.3078 _bA68 _221 |
| 100 | 1 |
_aArea Moreira, Manuel, _eautor. |
|
| 245 | 1 | 0 |
_aAlfabetización digital y competencias informacionales / _cManuel Area Moreira, Alfonso Gutiérrez Martín y Fernando Vidal Fernández. |
| 250 | _aPrimera edición. | ||
| 264 | 1 |
_aMadrid : _bFundación telefónica, _c2012. |
|
| 300 |
_a206 páginas : _bilustraciones ; _c27 cm. |
||
| 336 |
_atext _2rdacontent |
||
| 337 |
_aunmediated _2rdamedia |
||
| 338 |
_avolume _2rdacarrier |
||
| 490 | 0 |
_aFundación telefónica. Informe ; _v20 |
|
| 505 | 0 | _aDe la razón gráfica a la razón digital -- La alfabetización en la sociedad digital -- La alfabetización: un derecho y una necesidad para ser un ciudadano culto -- De Altamira a Internet: tecnologías y alfabetización a lo largo de la historia -- Las TIC ya son un fenómeno de masas (sobre todo entre los jóvenes). Algunos datos a nivel mundial y de España -- Cambios culturales y TIC: del conocimiento sólido a la información líquida -- La Red invade nuestra existencia: las metáforas sobre la Web 2.0 -- Las nuevas alfabetizaciones: ¿qué entendemos por alfabetización digital? -- Concepciones o visiones diferenciales sobre la alfabetización digital -- Hacia un modelo integrado y global de alfabetización digital -- La escuela desconcertada: redefinir el sentido y las prácticas de la alfabetización digital en los centros educativos -- El desarrollo de la alfabetización o competencia digital en las aulas: algunos principios básicos -- Alfabetización y ciudadanía: un aprendizaje permanente a lo largo de la vida -- Formación del profesorado para la alfabetización múltiple -- Introducción -- Papel del profesorado en la alfabetización básica para la sociedad de la información -- Aspectos clave de la formación del profesorado en TIC y nuevos medios -- Formación en medio y nuevas tecnologías de la información y la comunicación del profesorado en España -- De hogares informatizados a familia informacionales: Educación y TIC en las familias españolas. | |
| 526 | _aP202 | ||
| 526 | _aP201 | ||
| 526 | _aP163 | ||
| 526 | _aP162 | ||
| 526 | _aP161 | ||
| 526 | _aP160 | ||
| 526 | _aP148 | ||
| 526 | _aP147 | ||
| 526 | _aP146 | ||
| 526 | _aP145 | ||
| 526 | _aP144 | ||
| 526 | _aP143 | ||
| 526 | _aP142 | ||
| 526 | _aP141 | ||
| 526 | _aP140 | ||
| 526 | _aP139 | ||
| 526 | _aP138 | ||
| 526 | _aP137 | ||
| 526 | _aP136 | ||
| 526 | _aP135 | ||
| 526 | _aP134 | ||
| 526 | _aP133 | ||
| 526 | _aP129 | ||
| 526 | _aP128 | ||
| 526 | _aP127 | ||
| 526 | _aP120 | ||
| 526 | _aP119 | ||
| 526 | _aP118 | ||
| 526 | _aP116 | ||
| 526 | _aP115 | ||
| 526 | _aP114 | ||
| 526 | _aP110 | ||
| 526 | _aP109 | ||
| 526 | _aP108 | ||
| 526 | _aP104 | ||
| 526 | _aP103 | ||
| 526 | _aP102 | ||
| 526 | _aP99 | ||
| 526 | _aP98 | ||
| 526 | _aP97 | ||
| 526 | _aP96 | ||
| 526 | _aP95 | ||
| 526 | _aP93 | ||
| 526 | _aP90 | ||
| 526 | _aP89 | ||
| 526 | _aP88 | ||
| 526 | _aP83 | ||
| 526 | _aP82 | ||
| 526 | _aP62 | ||
| 526 | _aP59 | ||
| 526 | _aP58 | ||
| 526 | _aP57 | ||
| 526 | _aP51 | ||
| 526 | _aP49 | ||
| 526 | _aP48 | ||
| 526 | _aP47 | ||
| 526 | _aP29 | ||
| 526 | _aP24 | ||
| 526 | _aP20 | ||
| 526 | _aP19 | ||
| 526 | _aP17 | ||
| 526 | _aP15 | ||
| 526 | _aP14 | ||
| 526 | _aP12 | ||
| 526 | _aP10 | ||
| 526 | _aP09 | ||
| 526 | _aP08 | ||
| 526 | _aP07 | ||
| 526 | _aP06 | ||
| 526 | _aP05 | ||
| 526 | _aP04 | ||
| 526 | _aP01 | ||
| 541 | _g001-0037504; | ||
| 650 | 1 | 4 | _aTecnología de la información. |
| 650 | 2 | 4 |
_aInformación _xInnovaciones tecnológicas. |
| 650 | 2 | 4 |
_aAlfabetización informática _zEspaña. |
| 700 | 1 |
_aGutiérrez Martín, Alfonso, _eautor. |
|
| 700 | 1 |
_aVidal Fernández, Fernando, _eautor. |
|
| 910 |
_agl _clch _d20131001 |
||
| 942 |
_2ddc _cBOOK |
||
| 949 |
_a371.3078 A68 _wDEWEY _c1 _i68343 _lCCODEBUL1 _mBUL _p29.00 _r0 _sY _tBOOK _u2015-7-6 _xEDUCACION _PP20 _o.STAFF. Colección General |
||
| 994 |
_aC0 _bPEPRU |
||
| 596 | _a1 | ||
| 999 |
_a371.3078 A68 _wDEWEY _c55745 _i68343 _d55745 _e2016-6-8 _f2021-11-8 _g5 _lCCODEBUL1 _mBUL _n1 _p29.00 _r0 _sY _tBOOK _u2015-7-6 _xEDUCACION _PP20 _0COMPRA _o.STAFF. Colección General |
||
| 980 |
_81 _gALBERTO SANCHEZ Responsable de Automatización |
||